[Event "Dos Hermanas Blitz op 36th"]
[Site "Dos Hermanas"]
[Date "2022.06.04"]
[Round "6"]
[White "Santos Olivera, Francisco"]
[Black "Carrabeo Garcia, Manuel"]
[Result "1-0"]
[WhiteElo "1703"]
[BlackElo "1986"]
[PlyCount "74"]
[EventDate "2022.06.04"]
[EventType "swiss (blitz)"]
[EventRounds "8"]
[EventCountry "ESP"]
[SourceTitle "CBM 208 Extra"]
[Source "ChessBase"]
[SourceDate "2022.07.31"]
[SourceVersion "1"]
[SourceVersionDate "2022.07.31"]
[SourceQuality "1"]

1. e4 e6 2. d4 d5 3. Nd2 dxe4 4. Nxe4 Qd5 5. Qd3 Nc6 6. Nf3 Nf6 7. Nxf6+ gxf6 8. c3 Bd6 9. g3 Bd7 10. Bg2 0-0-0 11. 0-0 Qh5 12. b4 Ne7 13. c4 c6 14. Bd2 e5 15. dxe5 Bxe5 16. Nxe5 fxe5 17. Qa3 Kb8 18. Be3 Nc8 19. b5 Qg6 20. Rfd1 f5 21. Qc5 Rhe8 22. Rxd7 Rxd7 23. bxc6 Rc7 24. Rb1 f4 25. Rxb7+ Rxb7 26. cxb7 Qb1+ 27. Bf1 Qxb7 28. Bd2 fxg3 29. hxg3 Qb6 30. Qa3 Rd8 31. Be3 Qb7 32. Qc1 Nb6 33. Bg2 e4 34. Qc2 Re8 35. Bf4+ Ka8 36. c5 Nc8 37. c6 Qb6 1-0

[Event "Seville op 41st"]
[Site "Seville"]
[Date "2016.01.10"]
[Round "3"]
[White "Carrabeo Garcia, Manuel"]
[Black "Granero Roca, Antonio"]
[Result "0-1"]
[WhiteElo "2118"]
[BlackElo "2410"]
[PlyCount "100"]
[EventDate "2016.01.08"]
[EventType "swiss"]
[EventRounds "9"]
[EventCountry "ESP"]
[SourceTitle "CBM 170 Extra"]
[Source "ChessBase"]
[SourceDate "2016.02.25"]
[SourceVersion "1"]
[SourceVersionDate "2016.02.25"]
[SourceQuality "1"]

1. d4 Nf6 2. Nf3 g6 3. g3 Bg7 4. Bg2 0-0 5. 0-0 d6 6. Nc3 c6 7. e4 Bg4 8. h3 Bxf3 9. Bxf3 Nbd7 10. a4 Qc7 11. Bg2 e5 12. dxe5 dxe5 13. b3 Rfd8 14. Bb2 Nc5 15. Qe2 Ne6 16. Na2 Nd7 17. Nc1 Ndc5 18. b4 Nd7 19. Nd3 a5 20. f4 axb4 21. f5 Nd4 22. Bxd4 exd4 23. fxg6 hxg6 24. Rf3 Qd6 25. Raf1 Rf8 26. h4 Rae8 27. h5 Bh6 28. hxg6 fxg6 29. Bh3 Rxf3 30. Qxf3 Rf8 31. Qg4 Be3+ 32. Kg2 Rxf1 33. Kxf1 Nf8 34. e5 Qe7 35. e6 Kg7 36. Nf4 Bxf4 37. gxf4 Qf6 38. Ke2 d3+ 39. cxd3 b3 40. f5 Qe5+ 41. Kd2 Qb2+ 42. Ke3 Qc1+ 43. Kd4 Qa1+ 44. Ke3 Qe1+ 45. Kd4 Qb4+ 46. Ke5 Qc5+ 47. Ke4 Qxf5+ 48. Qxf5 gxf5+ 49. Ke5 b2 50. e7 Ng6+ 0-1

[Event "Coria del Rio op 13th"]
[Site "Coria del Rio"]
[Date "2007.02.27"]
[Round "7"]
[White "Carrabeo Garcia, Manuel"]
[Black "Marcelo Reina, Pino Montano"]
[Result "1-0"]
[WhiteElo "2158"]
[BlackElo "2015"]
[PlyCount "81"]
[EventDate "2007.02.20"]
[EventType "swiss"]
[EventRounds "9"]
[EventCountry "ESP"]
[SourceTitle "CBM 117 Extra"]
[Source "ChessBase"]
[SourceDate "2007.05.09"]
[SourceVersion "1"]
[SourceVersionDate "2007.05.09"]
[SourceQuality "1"]

1. d4 Nf6 2. Nf3 d5 3. e3 e6 4. Nbd2 c5 5. c3 Nc6 6. Bd3 Bd6 7. 0-0 0-0 8. dxc5 Bxc5 9. e4 e5 10. Qe2 Bg4 11. Re1 d4 12. h3 dxc3 13. bxc3 Bh5 14. Nf1 Qc7 15. Ne3 Ne7 16. g4 Bg6 17. Nf5 Rad8 18. Bg5 Bxf5 19. gxf5 Nh5 20. Kg2 h6 21. Bd2 Bb6 22. c4 Nc6 23. Rab1 Ba5 24. Rg1 Nb4 25. Rb3 Nxd3 26. Rxd3 Rxd3 27. Qxd3 Rd8 28. Qe2 Nf4+ 29. Bxf4 exf4 30. Kh1 Re8 31. Qb2 f6 32. Qxf6 Rxe4 33. Qxh6 Rxc4 34. Qe6+ Kf8 35. f6 Rc6 36. fxg7+ Qxg7 37. Qf5+ Qf7 38. Qxf7+ Kxf7 39. Ne5+ Ke6 40. Nxc6 bxc6 41. Rg6+ 1-0

[Event "Coria del Rio op 13th"]
[Site "Coria del Rio"]
[Date "2007.02.25"]
[Round "5"]
[White "Komljenovic, Davorin"]
[Black "Carrabeo Garcia, Manuel"]
[Result "1-0"]
[WhiteElo "2481"]
[BlackElo "2158"]
[PlyCount "73"]
[EventDate "2007.02.20"]
[EventType "swiss"]
[EventRounds "9"]
[EventCountry "ESP"]
[SourceTitle "CBM 117 Extra"]
[Source "ChessBase"]
[SourceDate "2007.05.09"]
[SourceVersion "1"]
[SourceVersionDate "2007.05.09"]
[SourceQuality "1"]

1. c4 c6 2. d4 d5 3. Nf3 Nf6 4. Nc3 e6 5. Bg5 Nbd7 6. e3 Be7 7. Rc1 0-0 8. Bd3 dxc4 9. Bxc4 Nd5 10. Bxe7 Qxe7 11. Ne4 b6 12. 0-0 Bb7 13. Qe2 N5f6 14. Nxf6+ Qxf6 15. Ba6 Bxa6 16. Qxa6 c5 17. b4 cxd4 18. Rc7 Qd8 19. Qb7 Nf6 20. Nxd4 Qd5 21. Qa6 h6 22. a3 Qe4 23. Nc6 Kh7 24. Qb7 Nd5 25. Ne7 Qd3 26. Nxd5 exd5 27. Rxf7 Rxf7 28. Qxf7 Qxa3 29. Qxd5 Rf8 30. b5 Qb2 31. h3 Rf6 32. Qd3+ Kg8 33. f4 Qb4 34. Rc1 Rf8 35. Rc7 Qa4 36. Qd7 Qa1+ 37. Kh2 1-0

[Event "Coria del Rio op 13th"]
[Site "Coria del Rio"]
[Date "2007.02.23"]
[Round "3"]
[White "Carrabeo Garcia, Manuel"]
[Black "Teran Alvarez, Ismael"]
[Result "1-0"]
[WhiteElo "2158"]
[BlackElo "2417"]
[PlyCount "43"]
[EventDate "2007.02.20"]
[EventType "swiss"]
[EventRounds "9"]
[EventCountry "ESP"]
[SourceTitle "CBM 117 Extra"]
[Source "ChessBase"]
[SourceDate "2007.05.09"]
[SourceVersion "1"]
[SourceVersionDate "2007.05.09"]
[SourceQuality "1"]

1. Nf3 Nf6 2. d4 e6 3. e3 c5 4. c3 b6 5. Nbd2 Bb7 6. Bd3 Nc6 7. 0-0 Be7 8. e4 cxd4 9. cxd4 Nb4 10. Bb1 Ba6 11. Re1 Nd3 12. Bxd3 Bxd3 13. d5 Qc8 14. d6 Bd8 15. Ne5 Bc2 16. Qf3 0-0 17. Re3 Qb7 18. b3 b5 19. Bb2 Ba5 20. Nc6 Ne8 21. Nxa5 Qb6 22. Rc3 1-0

[Event "Coria del Rio op 12th"]
[Site "Coria del Rio"]
[Date "2006.02.10"]
[Round "3"]
[White "Epishin, Vladimir"]
[Black "Carrabeo Garcia, Manuel"]
[Result "1-0"]
[WhiteElo "2553"]
[BlackElo "2135"]
[PlyCount "39"]
[EventDate "2006.02.08"]
[EventType "swiss"]
[EventRounds "7"]
[EventCountry "ESP"]
[SourceTitle "CBM 110 Extra"]
[Source "ChessBase"]
[SourceDate "2006.03.10"]
[SourceVersion "2"]
[SourceVersionDate "2006.03.10"]
[SourceQuality "1"]

1. d4 Nf6 2. c4 e6 3. Nf3 d5 4. Nc3 Be7 5. Bf4 0-0 6. e3 c5 7. dxc5 Bxc5 8. Qc2 Nc6 9. Rd1 Bb4 10. Be2 Qe7 11. 0-0 Bxc3 12. Qxc3 Ne4 13. Qc1 dxc4 14. Qxc4 f5 15. Ne5 Nxe5 16. Bxe5 b6 17. f3 Qc5 18. Qxc5 Nxc5 19. Rd6 Rf7 20. Rfd1 1-0

[Event "Seville op 31st"]
[Site "Seville"]
[Date "2006.01.09"]
[Round "3"]
[White "Del Rio de Angelis, Salvador Gabriel"]
[Black "Carrabeo Garcia, Manuel"]
[Result "1-0"]
[WhiteElo "2497"]
[BlackElo "2135"]
[PlyCount "89"]
[EventDate "2006.01.07"]
[EventType "swiss"]
[EventRounds "9"]
[EventCountry "ESP"]
[SourceTitle "CBM 110 Extra"]
[Source "ChessBase"]
[SourceDate "2006.03.10"]
[SourceVersion "2"]
[SourceVersionDate "2006.03.10"]
[SourceQuality "1"]

1. e4 e6 2. d3 d5 3. Qe2 Nf6 4. Nf3 Be7 5. g3 0-0 6. Bg2 c5 7. 0-0 Nc6 8. e5 Nd7 9. c4 Nb6 10. Rd1 f6 11. Nc3 fxe5 12. Nxe5 Nxe5 13. Qxe5 Bf6 14. Qe2 Bd4 15. Be3 Bxe3 16. fxe3 Qg5 17. Rf1 Bd7 18. Rf4 Bc6 19. Raf1 Rad8 20. Bh3 Qg6 21. cxd5 Nxd5 22. Nxd5 Bxd5 23. Rxf8+ Rxf8 24. Rxf8+ Kxf8 25. e4 Bxa2 26. b4 Qh6 27. Qxa2 Qxh3 28. Qxa7 cxb4 29. Qxb7 Qh5 30. Qxb4+ Ke8 31. Qb8+ Ke7 32. Qa7+ Ke8 33. Qe3 Qd1+ 34. Kg2 e5 35. Qg5 Qe2+ 36. Kh3 Qxd3 37. Qxe5+ Kf7 38. Qf5+ Ke7 39. Qxh7 Qf1+ 40. Kh4 Qf6+ 41. Kg4 Qb2 42. Kh3 Qf6 43. Qh4 g5 44. Qh7+ Ke6 45. Kg4 1-0

[Event "Coria del Rio op 11th"]
[Site "Coria del Rio"]
[Date "2005.02.12"]
[Round "3"]
[White "Carrabeo Garcia, Manuel"]
[Black "Matamoros Franco, Carlos S"]
[Result "1/2-1/2"]
[WhiteElo "2108"]
[BlackElo "2522"]
[PlyCount "41"]
[EventDate "2005.02.10"]
[EventType "swiss"]
[EventRounds "9"]
[EventCountry "ESP"]
[SourceTitle "CBM 104 Extra"]
[Source "ChessBase"]
[SourceDate "2005.03.01"]
[SourceVersion "1"]
[SourceVersionDate "2005.03.01"]
[SourceQuality "1"]

1. e4 e6 2. d4 d5 3. exd5 exd5 4. Bd3 Nc6 5. c3 Bd6 6. Nf3 Nge7 7. 0-0 Bg4 8. Re1 Qd7 9. Nbd2 0-0-0 10. b4 Rde8 11. Nb3 Ng6 12. Be3 Nh4 13. Be2 Nf5 14. Bd2 Rxe2 15. Qxe2 Nh4 16. b5 Nd8 17. Ne5 Bxe2 18. Nxd7 Bxb5 19. Ne5 f6 20. Ng4 Nf5 21. Ne3 1/2-1/2

[Event "Dos Hermanas op 4th"]
[Site "Dos Hermanas"]
[Date "2004.03.28"]
[Round "4"]
[White "Carrabeo Garcia, Manuel"]
[Black "Barrero Garcia, Carlos"]
[Result "1/2-1/2"]
[WhiteElo "2105"]
[BlackElo "2339"]
[PlyCount "42"]
[EventDate "2004.03.25"]
[EventType "swiss"]
[EventRounds "9"]
[EventCountry "ESP"]
[SourceTitle "CBM 099 Extra"]
[Source "ChessBase"]
[SourceDate "2004.05.04"]
[SourceVersion "1"]
[SourceVersionDate "2004.05.04"]
[SourceQuality "1"]

1. d4 Nf6 2. Nf3 g6 3. Nc3 d5 4. Bf4 Bg7 5. e3 0-0 6. Be2 c5 7. Ne5 Nc6 8. h4 cxd4 9. exd4 Qb6 10. Nxc6 Qxc6 11. h5 a6 12. hxg6 fxg6 13. Be5 b5 14. Bf3 Be6 15. Qd2 Rfc8 16. a3 a5 17. Rc1 b4 18. axb4 axb4 19. Nd1 Qb5 20. Qg5 b3 21. Be2 Qa5+ 1/2-1/2

[Event "Seville op 29th"]
[Site "Seville"]
[Date "2004.01.16"]
[Round "8"]
[White "Estremera Panos, Sergio"]
[Black "Carrabeo Garcia, Manuel"]
[Result "1-0"]
[WhiteElo "2353"]
[BlackElo "2105"]
[PlyCount "77"]
[EventDate "2004.01.09"]
[EventType "swiss"]
[EventRounds "9"]
[EventCountry "ESP"]
[SourceTitle "CBM 098 Extra"]
[Source "ChessBase"]
[SourceDate "2004.03.10"]
[SourceVersion "2"]
[SourceVersionDate "2004.03.10"]
[SourceQuality "1"]

1. d4 Nf6 2. c4 e6 3. Nc3 Bb4 4. e3 b6 5. Bd3 Bb7 6. Nf3 0-0 7. 0-0 Bxc3 8. bxc3 c5 9. Nd2 d5 10. cxd5 exd5 11. f3 Re8 12. Re1 Nc6 13. Nf1 c4 14. Bc2 b5 15. a3 a5 16. Rb1 Ba6 17. Ng3 Rb8 18. Bd2 Qd6 19. e4 Qxa3 20. e5 Nd7 21. f4 b4 22. Bc1 Qa2 23. Re2 b3 24. Bxh7+ Kxh7 25. Rxa2 bxa2 26. Qc2+ Kg8 27. Qxa2 Rxb1 28. Qxb1 Rb8 29. Qc2 Rb3 30. Nh5 a4 31. e6 Nf6 32. Nxf6+ gxf6 33. h4 a3 34. h5 Bc8 35. exf7+ Kxf7 36. Qh7+ Ke8 37. Qg8+ Ke7 38. Bxa3+ Rxa3 39. Qxc8 1-0

[Event "Seville op 29th"]
[Site "Seville"]
[Date "2004.01.14"]
[Round "6"]
[White "Carrabeo Garcia, Manuel"]
[Black "Teran Alvarez, Ismael"]
[Result "0-1"]
[WhiteElo "2105"]
[BlackElo "2382"]
[PlyCount "80"]
[EventDate "2004.01.09"]
[EventType "swiss"]
[EventRounds "9"]
[EventCountry "ESP"]
[SourceTitle "CBM 098 Extra"]
[Source "ChessBase"]
[SourceDate "2004.03.10"]
[SourceVersion "2"]
[SourceVersionDate "2004.03.10"]
[SourceQuality "1"]

1. d4 d6 2. Nf3 Nf6 3. g3 g6 4. Bg2 Bg7 5. 0-0 0-0 6. a4 a5 7. c3 Nbd7 8. Nbd2 e5 9. dxe5 dxe5 10. Nc4 Nh5 11. Qc2 Re8 12. b3 f5 13. Ba3 Qf6 14. Rad1 Nb6 15. Nxb6 Qxb6 16. Ng5 e4 17. c4 h6 18. Nh3 Be6 19. e3 Rad8 20. Nf4 Nxf4 21. gxf4 Bf7 22. Rfe1 g5 23. fxg5 hxg5 24. Bb2 Bh5 25. Rd5 Qb4 26. Rc1 Rf8 27. Bxg7 Kxg7 28. Qb2+ Kg6 29. Qe5 Rxd5 30. Qe6+ Kg7 31. cxd5 Qd6 32. Bf1 Qxe6 33. dxe6 c6 34. Bc4 Kf6 35. Rb1 Rd8 36. b4 axb4 37. f4 gxf4 38. Rxb4 Rd1+ 39. Kf2 Rd2+ 40. Ke1 fxe3 0-1

[Event "Seville op 29th"]
[Site "Seville"]
[Date "2004.01.10"]
[Round "2"]
[White "Carrabeo Garcia, Manuel"]
[Black "Spraggett, Kevin"]
[Result "0-1"]
[WhiteElo "2105"]
[BlackElo "2536"]
[PlyCount "58"]
[EventDate "2004.01.09"]
[EventType "swiss"]
[EventRounds "9"]
[EventCountry "ESP"]
[SourceTitle "CBM 098 Extra"]
[Source "ChessBase"]
[SourceDate "2004.03.10"]
[SourceVersion "2"]
[SourceVersionDate "2004.03.10"]
[SourceQuality "1"]

1. d4 f5 2. c4 Nf6 3. Nf3 g6 4. g3 Bg7 5. Bg2 0-0 6. 0-0 d6 7. b3 Qe8 8. Bb2 Na6 9. Nbd2 Rb8 10. Qc2 b5 11. Rad1 c6 12. Rfe1 Bd7 13. e4 fxe4 14. Nxe4 Nxe4 15. Qxe4 bxc4 16. Qe2 Nb4 17. Qxc4+ Kh8 18. Ng5 Nd5 19. Ne6 Bxe6 20. Rxe6 Rxf2 21. Kxf2 Qf7+ 22. Kg1 Qxe6 23. Bxd5 cxd5 24. Qc3 Rc8 25. Qd2 Qg4 26. Re1 Bf6 27. Kg2 Kg8 28. Re2 Qf5 29. Bc3 h5 0-1

[Event "Seville op 28th"]
[Site "Seville"]
[Date "2003.01.14"]
[Round "5"]
[White "Estremera Panos, Sergio"]
[Black "Carrabeo Garcia, Manuel"]
[Result "1/2-1/2"]
[WhiteElo "2354"]
[BlackElo "2083"]
[PlyCount "50"]
[EventDate "2003.01.10"]
[EventType "swiss"]
[EventRounds "9"]
[EventCountry "ESP"]
[SourceTitle "CBM 092 Extra"]
[Source "ChessBase"]
[SourceDate "2003.03.07"]
[SourceVersion "1"]
[SourceVersionDate "2003.03.07"]
[SourceQuality "1"]

1. d4 d5 2. c4 e6 3. Nf3 Nf6 4. Nc3 Be7 5. Bg5 0-0 6. e3 h6 7. Bh4 b6 8. Rc1 Bb7 9. Be2 c5 10. cxd5 Nxd5 11. Bxe7 Qxe7 12. Nxd5 exd5 13. dxc5 bxc5 14. 0-0 Na6 15. Qa4 Nc7 16. Qh4 Qd6 17. Qg3 Qb6 18. b4 c4 19. Nd4 Nb5 20. Rfd1 Nxd4 21. Rxd4 Qxb4 22. Rcd1 Qb2 23. R4d2 Qb4 24. Rd4 Qb2 25. R4d2 Qb4 1/2-1/2

[Event "Seville op 28th"]
[Site "Seville"]
[Date "2003.01.11"]
[Round "2"]
[White "Carrabeo Garcia, Manuel"]
[Black "Campora, Daniel Hugo"]
[Result "0-1"]
[WhiteElo "2083"]
[BlackElo "2505"]
[PlyCount "96"]
[EventDate "2003.01.10"]
[EventType "swiss"]
[EventRounds "9"]
[EventCountry "ESP"]
[SourceTitle "CBM 092 Extra"]
[Source "ChessBase"]
[SourceDate "2003.03.07"]
[SourceVersion "1"]
[SourceVersionDate "2003.03.07"]
[SourceQuality "1"]

1. d4 Nf6 2. Nf3 e6 3. e3 b6 4. c4 Bb7 5. a3 d5 6. Nc3 Be7 7. Bd3 0-0 8. 0-0 c5 9. Qe2 Nc6 10. Rd1 cxd4 11. exd4 dxc4 12. Bxc4 Na5 13. Ba2 Nd5 14. Ne4 Rc8 15. b4 Nc6 16. Bb2 Kh8 17. Rac1 Nb8 18. Bb1 f5 19. Ned2 Rxc1 20. Rxc1 Nf4 21. Qf1 Nd7 22. g3 Qa8 23. Rc3 Nd5 24. Rc1 Rc8 25. Qd3 Rxc1+ 26. Bxc1 Qc8 27. Bb2 Kg8 28. Ba2 Nf8 29. Ne5 Qe8 30. Qe2 Bf6 31. Ndc4 Qb5 32. Qd1 Be7 33. a4 Qe8 34. b5 a6 35. bxa6 Bxa6 36. Ne3 Nxe3 37. fxe3 Bg5 38. Kf2 Bb7 39. Bc4 Qd8 40. Qb3 Bd5 41. Bxd5 exd5 42. Nc6 Qd6 43. Qxb6 Qe6 44. Bc1 Qe4 45. Qc5 Nd7 46. Qa5 Qc2+ 47. Bd2 Qxc6 48. Qb4 Kf7 0-1

[Event "Seville Villa de Coria op 9th"]
[Site "Seville"]
[Date "2003.??.??"]
[Round "2"]
[White "Campora, Daniel Hugo"]
[Black "Carrabeo Garcia, Manuel"]
[Result "1-0"]
[WhiteElo "2505"]
[BlackElo "2083"]
[PlyCount "85"]
[EventDate "2003.02.13"]
[EventType "swiss"]
[EventRounds "9"]
[EventCountry "ESP"]
[SourceTitle "CBM 092 Extra"]
[Source "ChessBase"]
[SourceDate "2003.03.07"]
[SourceVersion "1"]
[SourceVersionDate "2003.03.07"]
[SourceQuality "1"]

1. e4 e6 2. d4 d5 3. Nc3 Nf6 4. e5 Nfd7 5. f4 c5 6. Nf3 a6 7. Be3 Qb6 8. a3 Nc6 9. Be2 cxd4 10. Nxd4 Nxd4 11. Bxd4 Bc5 12. Na4 Qa5+ 13. c3 Bxd4 14. Qxd4 0-0 15. 0-0 b5 16. Nc5 Nxc5 17. Qxc5 Rb8 18. a4 Qb6 19. Qxb6 Rxb6 20. axb5 axb5 21. b4 Bd7 22. Ra7 Bc6 23. Kf2 Rc8 24. Rfa1 Kf8 25. R1a5 Be8 26. Ra3 g6 27. Ke3 Rbc6 28. Kd4 R6c7 29. Rxc7 Rxc7 30. Ra5 Rb7 31. g4 h6 32. h4 Ke7 33. Bd3 h5 34. gxh5 gxh5 35. Ra8 Rc7 36. Be2 Bd7 37. Rb8 Be8 38. Bd3 Bd7 39. Rh8 Ra7 40. Rxh5 Ra8 41. Rg5 Rh8 42. h5 Kd8 43. Be2 1-0

[Event "Seville Villa de Coria op 9th"]
[Site "Seville"]
[Date "2003.??.??"]
[Round "9"]
[White "Carrabeo Garcia, Manuel"]
[Black "Barria Zuniga, Daniel"]
[Result "0-1"]
[WhiteElo "2083"]
[BlackElo "2351"]
[PlyCount "55"]
[EventDate "2003.02.13"]
[EventType "swiss"]
[EventRounds "9"]
[EventCountry "ESP"]
[SourceTitle "CBM 092 Extra"]
[Source "ChessBase"]
[SourceDate "2003.03.07"]
[SourceVersion "1"]
[SourceVersionDate "2003.03.07"]
[SourceQuality "1"]

1. d4 d5 2. c4 c6 3. e3 Nf6 4. Nc3 g6 5. Nf3 Bg7 6. Be2 0-0 7. 0-0 e6 8. b3 b6 9. Bb2 Bb7 10. Rc1 Re8 11. Qc2 Nbd7 12. Rfd1 Qc7 13. cxd5 exd5 14. b4 Qd6 15. Qb3 a6 16. a3 Re7 17. Rc2 Rae8 18. Rdc1 b5 19. a4 Nb6 20. axb5 cxb5 21. Ne5 Nc4 22. e4 Nxb2 23. Qxb2 Nxe4 24. Nxe4 dxe4 25. Nc6 Rc7 26. Na5 Rxc2 27. Qxc2 Ba8 28. Qb3 0-1

[Event "Coria del Rio op 8th"]
[Site "Coria del Rio"]
[Date "2002.02.22"]
[Round "9"]
[White "Landero Luna, Vicente"]
[Black "Carrabeo Garcia, Manuel"]
[Result "1/2-1/2"]
[WhiteElo "2173"]
[BlackElo "2072"]
[PlyCount "90"]
[EventDate "2002.02.13"]
[EventType "swiss"]
[EventRounds "9"]
[EventCountry "ESP"]
[SourceTitle "CBM 086 Extra"]
[Source "ChessBase"]
[SourceDate "2002.03.14"]
[SourceVersion "1"]
[SourceVersionDate "2002.03.14"]
[SourceQuality "1"]

1. d4 Nf6 2. Nf3 e6 3. Bg5 d5 4. Nbd2 Be7 5. e3 c5 6. c3 Nbd7 7. Bd3 b6 8. Qe2 Bb7 9. 0-0 h6 10. Bxf6 Bxf6 11. e4 c4 12. Bc2 b5 13. e5 Be7 14. Ne1 b4 15. f4 g6 16. g4 Qb6 17. f5 gxf5 18. gxf5 0-0-0 19. f6 Rdg8+ 20. Ng2 Bd8 21. Nf3 Rg4 22. Kh1 Bc7 23. a3 b3 24. Bd1 Rhg8 25. Rg1 h5 26. Qd2 a5 27. Be2 a4 28. Ne3 R4g6 29. Rxg6 Rxg6 30. Nh4 Rg8 31. Bf3 Kb8 32. Rg1 Rxg1+ 33. Kxg1 Nxe5 34. dxe5 Bxe5 35. Bxh5 d4 36. cxd4 Bxd4 37. Kf2 c3 38. bxc3 Bxe3+ 39. Qxe3 Qxe3+ 40. Kxe3 b2 41. Bg6 fxg6 42. f7 b1Q 43. f8Q+ Ka7 44. Qc5+ Kb8 45. Qd6+ Ka7 1/2-1/2

[Event "Coria del Rio op 7th"]
[Site "Coria del Rio"]
[Date "2001.02.18"]
[Round "5"]
[White "Garcia Martinez, Silvino"]
[Black "Carrabeo Garcia, Manuel"]
[Result "1-0"]
[WhiteElo "2371"]
[BlackElo "2089"]
[PlyCount "101"]
[EventDate "2001.02.14"]
[EventType "swiss"]
[EventRounds "9"]
[EventCountry "ESP"]
[SourceTitle "CBM 080 Extra"]
[Source "ChessBase"]
[SourceDate "2001.03.08"]
[SourceVersion "1"]
[SourceVersionDate "2001.03.08"]
[SourceQuality "1"]

1. e4 c5 2. Nf3 d6 3. d4 cxd4 4. Nxd4 Nf6 5. Nc3 g6 6. Be3 Bg7 7. f3 0-0 8. Qd2 Nc6 9. 0-0-0 d5 10. exd5 Nxd5 11. Nxc6 bxc6 12. Bd4 e5 13. Bc5 Be6 14. Ne4 Rb8 15. g4 Re8 16. g5 a5 17. h4 Qd7 18. h5 Bf5 19. hxg6 Bxg6 20. Bc4 Qf5 21. Rhf1 Nb4 22. a3 Nd5 23. Qxa5 h6 24. gxh6 Bxh6+ 25. Kb1 Ne3 26. Bxe3 Bxe3 27. Rd6 Bd4 28. Rxd4 exd4 29. Qxf5 Bxf5 30. Nf6+ Kg7 31. Nxe8+ Rxe8 32. Kc1 Kf6 33. Kd2 Rh8 34. Rf2 Rh1 35. Bd3 Bd7 36. a4 c5 37. b3 Ke7 38. c3 dxc3+ 39. Kxc3 Bc6 40. Be4 Bd7 41. Ra2 Bc8 42. a5 Ba6 43. Bd3 Rh6 44. Bxa6 Rxa6 45. Kc4 Kd6 46. Kb5 Ra8 47. a6 Rb8+ 48. Kc4 Kc6 49. a7 Ra8 50. Ra6+ Kb7 51. Kb5 1-0

[Event "Coria del Rio op 7th"]
[Site "Coria del Rio"]
[Date "2001.02.16"]
[Round "3"]
[White "Carrabeo Garcia, Manuel"]
[Black "Teran Alvarez, Ismael"]
[Result "0-1"]
[WhiteElo "2089"]
[BlackElo "2356"]
[PlyCount "77"]
[EventDate "2001.02.14"]
[EventType "swiss"]
[EventRounds "9"]
[EventCountry "ESP"]
[SourceTitle "CBM 080 Extra"]
[Source "ChessBase"]
[SourceDate "2001.03.08"]
[SourceVersion "1"]
[SourceVersionDate "2001.03.08"]
[SourceQuality "1"]

1. d4 Nf6 2. c4 c5 3. d5 e5 4. Nc3 d6 5. e4 Be7 6. Nge2 0-0 7. Ng3 Ne8 8. h4 h6 9. h5 Bg5 10. Bd3 a6 11. Bxg5 Qxg5 12. Qd2 Qd8 13. 0-0-0 b5 14. cxb5 Nf6 15. b6 Qxb6 16. f3 a5 17. Nge2 Na6 18. g4 Nh7 19. Bxa6 Qxa6 20. Qd3 c4 21. Qe3 Rb8 22. Rd2 Bd7 23. Rg1 Ng5 24. Ng3 a4 25. a3 Rb3 26. Rgg2 Rfb8 27. Rgf2 Nh3 28. Rg2 Nf4 29. g5 hxg5 30. Nf5 Bxf5 31. exf5 f6 32. h6 Nd3+ 33. Rxd3 cxd3 34. hxg7 Rxc3+ 35. bxc3 Qb5 36. Qa7 Qb1+ 37. Kd2 Rb2+ 38. Ke3 Rxg2 39. Qa5 0-1

[Event "Seville op 26th"]
[Site "Seville"]
[Date "2001.01.18"]
[Round "7"]
[White "Carrabeo Garcia, Manuel"]
[Black "Campora, Daniel Hugo"]
[Result "0-1"]
[WhiteElo "2089"]
[BlackElo "2513"]
[PlyCount "80"]
[EventDate "2001.01.12"]
[EventType "swiss"]
[EventRounds "9"]
[EventCountry "ESP"]
[SourceTitle "CBM 080 Extra"]
[Source "ChessBase"]
[SourceDate "2001.03.08"]
[SourceVersion "1"]
[SourceVersionDate "2001.03.08"]
[SourceQuality "1"]

1. d4 Nf6 2. c4 e6 3. Nc3 Bb4 4. e3 c5 5. Bd3 0-0 6. a3 Bxc3+ 7. bxc3 Nc6 8. Ne2 d6 9. 0-0 e5 10. e4 Re8 11. d5 Ne7 12. f3 Ng6 13. Be3 Bd7 14. Qd2 Ba4 15. Ng3 Nd7 16. Nf5 Ndf8 17. Rab1 Qc7 18. g3 f6 19. Rf2 Ne7 20. Rg2 Rab8 21. Kh1 Nxf5 22. exf5 g5 23. h4 h6 24. hxg5 hxg5 25. Rh2 Nh7 26. Kg2 Re7 27. Qe2 Rg7 28. Rbh1 a6 29. Rh6 Be8 30. Rb1 Qa5 31. Bd2 Qxa3 32. Rb6 Rd8 33. Qd1 Qa5 34. Rb1 Qc7 35. Qh1 Rb8 36. Qh3 b5 37. cxb5 c4 38. Be4 Rxb5 39. g4 Rxb1 40. Bxb1 Qb7 0-1